Carregant...
Digital signal processing
| Autor principal: | |
|---|---|
| Format: | Printed Book |
| Publicat: |
New Delhi
Tata McGraw Hill
2012
|
| Edició: | 2nd. |
| Matèries: |
| LEADER | 00547nam a22001697a 4500 | ||
|---|---|---|---|
| 020 | |a 9780070086654 | ||
| 082 | |a 621.381 958 2 |b KAN/D | ||
| 100 | |a Kani,A.Nagoor | ||
| 245 | |a Digital signal processing | ||
| 250 | |a 2nd. | ||
| 260 | |a New Delhi |b Tata McGraw Hill |c 2012 | ||
| 650 | |a Digital electronics | ||
| 650 | |a Signal theory | ||
| 650 | |a Signal processing | ||
| 942 | |c BK | ||
| 999 | |c 37131 |d 37131 | ||
| 952 | |0 0 |1 0 |4 0 |6 621_381000000000000_958_2_KAND |7 0 |8 Stack |9 39326 |a KUCL |b KUCL |c Stack |d 2015-12-30 |l 0 |o 621.381 958 2 KAN/D |p 37074 |r 2015-12-30 |w 2015-12-30 |y BK | ||